Molecular biology of RNA : new perspectives /

Bibliographic Details
Uniform Title:Molecular biology of RNA (Online)
Corporate Author: ScienceDirect (Online service)
Other Authors: Inouye, Masayori, Dudock, Bernard S.
Format: eBook
Language:English
Published: San Diego : Academic Press, [1987]
Subjects:
Online Access:Connect to the full text of this electronic book

MARC

Tag First Indicator Second Indicator Subfields
LEADER 00000cam a2200000 a 4500
001 in00005770513
005 20260327173132.4
006 m o d
007 cr n |||
008 870416t19871987caua ob 001 0 eng d
010 |z  87011375  
040 |a COA  |b eng  |e rda  |c COA  |d OCLCF  |d OCLCQ  |d OCLCO  |d OCLCL  |d OCLCQ 
020 |a 012372483X 
020 |a 9780123724830 
024 8 |a (WaSeSS)ssj0001066168 
035 |a (OCoLC)1340084303 
050 0 0 |a QP623  |b .M65 1987 
082 0 4 |a 574.87/3283  |2 19 
049 |a TXAM 
130 0 |a Molecular biology of RNA (Online) 
245 1 0 |a Molecular biology of RNA :  |b new perspectives /  |c edited by Masayori Inouye, Bernard S. Dudock. 
264 1 |a San Diego :  |b Academic Press,  |c [1987] 
264 4 |c ©1987. 
300 |a 1 online resource (xii, 451 pages :)  |b illustrations 
336 |a text  |b txt  |2 rdacontent 
337 |a computer  |b c  |2 rdamedia 
338 |a online resource  |b cr  |2 rdacarrier 
347 |a text file  |2 rdaft  |0 http://rdaregistry.info/termList/fileType/1002. 
504 |a Includes bibliographies and index. 
650 0 |a RNA. 
650 0 |a Molecular biology. 
650 0 |a Molecular genetics. 
650 2 |a Molecular Biology 
650 2 |a RNA 
650 6 |a ARN. 
650 6 |a Biologie moléculaire. 
650 7 |a molecular biology.  |2 aat 
650 7 |a Molecular biology  |2 fast 
650 7 |a Molecular genetics  |2 fast 
650 7 |a RNA  |2 fast 
655 7 |a Electronic books.  |2 local 
700 1 |a Inouye, Masayori. 
700 1 |a Dudock, Bernard S. 
710 2 |a ScienceDirect (Online service) 
758 |i has work:  |a Molecular biology of RNA (Text)  |1 https://id.oclc.org/worldcat/entity/E39PCH4MWrq6vWVXGXXR4J98VK  |4 https://id.oclc.org/worldcat/ontology/hasWork 
856 4 0 |u http://proxy.library.tamu.edu/login?url=https://www.sciencedirect.com/science/book/9780123724830  |z Connect to the full text of this electronic book  |t 0 
936 |a BATCHLOAD 
955 |a Elsevier ScienceDirect 2026-2027 
994 |a 92  |b TXA 
999 f f |i 9aa8caed-ed3c-42d5-aaca-b780b4d17342  |s 41b87cce-8939-4097-856f-be794bad9317  |t 0 
952 f f |a Texas A&M University  |b College Station  |c Electronic Resources  |s www_evans  |d Available Online  |t 0  |e QP623 .M65 1987  |h Library of Congress classification 
998 f f |a QP623 .M65 1987  |t 0  |l Available Online